Normal view
MARC view
- العيسوي،عبد الرحمن
Entry Personal Name
001 - CONTROL NUMBER
- control field: 21708
003 - CONTROL NUMBER IDENTIFIER
- control field: JO-AjAnu
005 - DATE AND TIME OF LATEST TRANSACTION
- control field: 20230606073746.0
008 - FIXED-LENGTH DATA ELEMENTS
- fixed length control field: 230606|| aca||aabn | a|a d
040 ## - CATALOGING SOURCE
- Original cataloging agency: JO-AjAnu
- Transcribing agency: JO-AjAnu
100 ## - HEADING--PERSONAL NAME
- Personal name: العيسوي،عبد الرحمن
670 ## - SOURCE DATA FOUND
- Source citation: Work cat.: (JO-AjAnu)11155: العيسوي،عبد الرحمن, author, علم النفس المهني والصناعي